3D lokalizačný systém pre uzavreté výrobné priestory
Guardado en:
| Autor principal: | |
|---|---|
| Otros Autores: | |
| Formato: | Manuscrito Libro |
| Lenguaje: | eslovaco |
| Publicado: |
2019
|
| Materias: | |
| Acceso en línea: | http://is.stuba.sk/zp/portal_zp.pl?podrobnosti=147729 |
| Etiquetas: |
Sin Etiquetas, Sea el primero en etiquetar este registro!
|
MARC
| LEADER | 00000ntm a22000003a 4500 | ||
|---|---|---|---|
| 001 | stuzp70890 | ||
| 003 | SK-STU | ||
| 005 | 20190729101552.7 | ||
| 007 | ta | ||
| 008 | 150427s2015----xo-----f-mn---000-0-slo-d | ||
| 040 | |a STU |b slo | ||
| 041 | 0 | |a slo | |
| 044 | |a xo | ||
| 100 | 1 | |a Koma, Michal |u 030400 |4 aut |U FEI Fakulta elektrotechniky a informatiky |T FEI Ústav automobilovej mechatroniky |X 86435 |U E400 |Y 642 |7 86435 | |
| 242 | 0 | 1 | |a 3D positioning system for factory interior environment |y eng |
| 245 | 1 | 0 | |a 3D lokalizačný systém pre uzavreté výrobné priestory |
| 260 | |c 2019 | ||
| 300 | |a 55 s., príl. | ||
| 650 | 4 | |a 3D lokalizačný systém |2 slo | |
| 650 | 4 | |a Decawave |2 slo | |
| 650 | 4 | |a testovanie UWB |2 slo | |
| 650 | 4 | |a vizualizačný systém |2 slo | |
| 650 | 4 | |a RFID |2 slo | |
| 650 | 4 | |a 3D localization system |2 eng | |
| 650 | 4 | |a visualization system |2 eng | |
| 650 | 4 | |a testing UWB |2 eng | |
| 650 | 4 | |a RFID |2 eng | |
| 650 | 4 | |a Decawave |2 eng | |
| 700 | 1 | |a Balogh, Richard |u 030400 |k Z1 |4 ths |U FEI Fakulta elektrotechniky a informatiky |T FEI Ústav automobilovej mechatroniky |X 3706 |U E400 |Y 642 |7 A000003706 | |
| 856 | 4 | |u http://is.stuba.sk/zp/portal_zp.pl?podrobnosti=147729 | |
| 996 | |b 284ER02954 |c E*Bc- 2954 |l EE30 |s P |a 0 |w stuzp70890_0001 | ||